00855nam a2200205 a 450000100100000000500170001000800410002702000170006804000250008508200150011010000400012524501230016526000450028830000110033359000280034470000340037295201130040695201130051999900170063200004873820201002061353.0190411s2016 dr a r 000 spa d a978994597042 aDO-SdBNPbspacBNPHU axxxbP438p aPérez Abreu, Pedro Armando97619110aPichirilo, ¡El comandante popular! :btestimonios biográficos /cPedro Armando Pérez Abreu, Juan Fco. García S. aSanto Domingo :bAmigo del Hogar,c2016. a208 p. aInventariado, 2019 / DG aGarcía S., Juan Fco.976192 0010718PDaPDbPDcHDd2019-04-11iLF1l0oxxx P438pp48738-10r2020-06-25w2020-06-25yLFPDZNo se presta 0010718PDaPDbPDcHDd2019-04-11iLF1l0oxxx P438pp48738-20r2020-06-25w2020-06-25yLFPDZNo se presta c48226d48226